Die 100 Wertvollsten Bundesliga Spieler - Statistiken

Allgemein
  • Dieses Quiz wurde 518 mal gespielt
  • Das Durchschnittsergebnis liegt bei 55 aus 100
Antwortstatistiken
Marktwert Verein Nationalität Antwort % Korrekt
110 Mio Bayern England Kane
98%
110 Mio Bayern Deutsch Musiala
98%
85 Mio Leverkusen Deutsch Wirtz
98%
60 Mio Bayern Südkorea Kim
96%
75 Mio Bayern Deutsch Kimmich
95%
75 Mio Bayern Deutsch Sané
95%
70 Mio Bayern Kanada Davies
94%
65 Mio Bayern Frankreich Coman
90%
70 Mio Bayern Niederlande De Ligt
89%
55 Mio Bayern Deutschland Gnabry
89%
60 Mio Bayern Frankreich Upamecano
89%
45 Mio Bayern Deutschland Goretzka
88%
40 Mio Stuttgart Guinea Guirassy
85%
70 Mio Leipzig Niederlande Simons
85%
50 Mio Leipzig Spanien Olmo
84%
40 Mio Leverkusen Nigeria Boniface
83%
45 Mio Leverkusen Niederlande Frimpong
82%
35 Mio Dortmund Schweiz Kobel
82%
40 Mio Dortmund Deutschland Brandt
80%
45 Mio Leipzig Belgien Openda
79%
40 Mio Dortmund Deutschland Schlotterbeck
77%
28 Mio Bayern Österreich Laimer
76%
35 Mio Dortmund Niederlande Malen
75%
50 Mio Bayern Frankreich Tel
74%
30 Mio Dortmund Deutschland Süle
71%
20 Mio Leverkusen Schweiz Xhaka
70%
25 Mio Leverkusen Spanien Grimaldo
69%
25 Mio Leverkusen Tschechien Schick
69%
40 Mio Leverkusen Burkina Faso Tapsoba
69%
20 Mio Dortmund Österreich Sabitzer
68%
25 Mio Dortmund Elfenbeinküste Haller
67%
13 Mio Dortmund Deutschland Füllkrug
66%
35 Mio Leverkusen Argentinien Palacios
66%
14 Mio Dortmund Deutschland Can
65%
28 Mio Bayern Marokko Mazraoui
65%
20 Mio Dortmund USA Reyna
65%
35 Mio Dortmund Deutschland Adeyemi
64%
20 Mio Leverkusen Deutschland Tah
63%
22 Mio Wolfsburg Dänemark Wind
62%
20 Mio Dortmund Algerien Bensebaini
60%
12 Mio Freiburg Italien Grifo
60%
35 Mio Leverkusen Ecuador Hincapié
60%
30 Mio Leipzig Slowenien Sesko
60%
40 Mio Gladbach Frankreich Koné
59%
28 Mio Leipzig Österreich Schlager
57%
15 Mio Dortmund Norwegen Ryerson
56%
17 Mio Union Berlin Suriname Becker
54%
30 Mio Dortmund Deutschland Moukoko
54%
20 Mio Leipzig Deutschland Werner
51%
17 Mio Stuttgart Japan Ito
50%
15 Mio Bayern Portugal Guerreiro
49%
35 Mio Leipzig Frankreich Simakan
49%
25 Mio Leverkusen Marokko Adli
48%
13 Mio Dortmund Türkei Özcan
48%
27 Mio Wolfsburg Kroatien Majer
47%
14 Mio Leipzig Deutschland Raum
47%
18 Mio Freiburg Japan Doan
46%
18 Mio Freiburg Deutschland Ginter
46%
25 Mio Dortmund Deutschland Nmecha
45%
24 Mio Leipzig Österreich Baumgartner
44%
15 Mio Union Berlin Deutschland Gosens
44%
28 Mio Leverkusen Elfenbeinküste Kossounou
44%
15 Mio Gladbach Japan Itakura
43%
12 Mio Freiburg Ungarn Sallai
43%
18 Mio Dortmund England Bynoe Gittens
42%
14 Mio Augsburg Bosnien Demirovic
42%
17 Mio Leipzig Mali Haidara
42%
20 Mio Leipzig Deutschland Henrichs
42%
13 Mio Leverkusen Deutschland Hofmann
41%
23 Mio Leverkusen Nigeria Tella
40%
18 Mio Union Berlin USA Aaronson
38%
14 Mio Wolfsburg Deutschland Arnold
38%
18 Mio Leverkusen Tschechien Hlozek
38%
17 Mio Frankfurt Schweden Larsson
38%
35 Mio Leipzig Frankreich Lukeba
38%
20 Mio Stuttgart Frankreich Millot
38%
12 Mio Gladbach USA Scally
38%
15 Mio Frankfurt Brasilien Tuta
37%
20 Mio Leipzig Österreich Seiwald
36%
13 Mio Hoffenheim Türkei Kabak
35%
15 Mio Union Berlin Portugal Leite
35%
20 Mio Freiburg Österreich Lienhart
34%
13 Mio Frankfurt Tunesien Skhiri
34%
14 Mio Gladbach Schweiz Elvedi
33%
14 Mio Mainz Luxemburg Barreiro
32%
14 Mio Hoffenheim Ungarn Szalai
32%
17 Mio Wolfsburg Frankreich Lacroix
30%
17 Mio Frankfurt Ecuador Pacho
30%
18 Mio Wolfsburg Schweden Svanberg
30%
18 Mio Wolfsburg Österreich Wimmer
29%
18 Mio Frankfurt Deutschland Koch
26%
17 Mio Union Berlin Niederlande Doekhi
25%
14 Mio Wolfsburg Dänemark Maehle
25%
13 Mio Wolfsburg Deutschland Baku
22%
15 Mio Hoffenheim Deutschland Stach
20%
14 Mio Gladbach Österreich Wöber
17%
16 Mio Leipzig Portugal Carvalho
16%
15 Mio Freiburg Frankreich Sildillia
14%
15 Mio Leipzig Frankreich Bitshiabu
12%
14 Mio Hoffenheim Deutschland Berisha
11%
Keine übereinstimmenden Quizze gefunden
Verteilung der Resultate
Anzahl Personen mit jedem Resultat
Perzentil nach korrekt beantworteten Fragen
Ihre Resultats-Entwicklung
Sie haben dieses Quiz noch nicht gespielt